God working with God : (Record no. 8165)

MARC details
000 -LEADER
fixed length control field 00654nam a22002052 4500
001 - CONTROL NUMBER
control field 0000012075
005 - DATE AND TIME OF LATEST TRANSACTION
control field 20151217152106.0
008 - FIXED-LENGTH DATA ELEMENTS--GENERAL INFORMATION
fixed length control field 090129s xx 000 0 eng d
020 ## - INTERNATIONAL STANDARD BOOK NUMBER
International Standard Book Number 0768424003 :
040 ## - CATALOGING SOURCE
Original cataloging agency KABU
Transcribing agency KABU
100 1# - MAIN ENTRY--PERSONAL NAME
Personal name Hunter, Warren.
-- 0000168268
245 10 - TITLE STATEMENT
Title God working with God :
Remainder of title understanding God's reciprocal nature as the greatest key to true intimacy /
Statement of responsibility, etc. Warren Hunter.
250 ## - EDITION STATEMENT
Edition statement 1st ed.
260 ## - PUBLICATION, DISTRIBUTION, ETC. (IMPRINT)
Place of publication, distribution, etc. Shippensburg, PA> :
Name of publisher, distributor, etc. Destiny Image,
Date of publication, distribution, etc. 2006.
300 ## - PHYSICAL DESCRIPTION
Extent 190 p.
650 #0 - SUBJECT ADDED ENTRY--TOPICAL TERM
Topical term or geographic name as entry element God
General subdivision Attributes.
-- 0000168269
852 1# - LOCATION
-- p920 KES
908 ## - PUT COMMAND PARAMETER (RLIN)
Put command parameter 090129
950 ## - LOCAL HOLDINGS (RLIN)
-- 1
Holdings
Withdrawn status Lost status Source of classification or shelving scheme Not for loan Home library Current library Date acquired Total Checkouts Total Renewals Full call number Barcode Date last seen Date last checked out Price effective from Koha item type
    Library of Congress Classification   Kabarak, Main Campus Kabarak, Main Campus 17/12/2015 4 1 BT130 .H86 2006 c. 1 16320 22/08/2024 06/08/2024 17/12/2015 General Collection
Designed with assistance from East African Informatics Ltd